Normal view
MARC view
Entry Topical Term
001 - CONTROL NUMBER
- control field: 16794
003 - CONTROL NUMBER IDENTIFIER
- control field: VITAP
005 - DATE AND TIME OF LATEST TRANSACTION
- control field: 20251218150619.0
008 - FIXED-LENGTH DATA ELEMENTS
- fixed length control field: 251218|| aca||babn | a|a d
040 ## - CATALOGING SOURCE
- Original cataloging agency: VITAP
150 ## - HEADING--TOPICAL TERM
- Topical term or geographic name entry element: Rama Rao, N. T. 1923-1996 (Nandamuri Taraka); Politicians -- Biography -- India -- Andhra Pradesh; Motion picture actors and actresses -- Biography -- 20th century -- India; Andhra Pradesh (India) -- Politics and Government